Ευκλείδης : άπαντα
Αποθηκεύτηκε σε:
| Κύριος συγγραφέας: | |
|---|---|
| Μορφή: | Βιβλίο |
| Γλώσσα: | Greek Ancient Greek |
| Δημοσίευση: |
Αθήνα :
Κάκτος,
2003-2004
|
| Σειρά: | Έλληνες (Κάκτος)
; 1171-1176 |
| Θέματα: | |
| Ετικέτες: |
Προσθήκη ετικέτας
Δεν υπάρχουν, Καταχωρήστε ετικέτα πρώτοι!
|
MARC
| LEADER | 00000cam a2200000 i 4500 | ||
|---|---|---|---|
| 001 | 1/80934 | ||
| 008 | 050713m20032004gr | ||| |||| ||gre|| | ||
| 020 | |a 9603822418 (τ.1) | ||
| 020 | |a 9603822507 (τ.10) | ||
| 035 | |l 10079147 | ||
| 040 | |a GR-MY-UA |b gre |e aacr | ||
| 041 | 0 | |a gre |h grc | |
| 082 | 0 | |a 516.2 |2 (22) | |
| 100 | 0 | |a Ευκλείδης, |d 4ος/3ος αι. π.Χ. | |
| 245 | 1 | 0 | |a Ευκλείδης : |b άπαντα / |c Ευκλείδης ; εισαγωγή - μετάφραση -σχόλια Φιλολογική Ομάδα Κάκτου |
| 260 | |a Αθήνα : |b Κάκτος, |c 2003-2004 | ||
| 300 | |a 10 τ.; |b εικ., διαγρ.; |c 21 εκ. | ||
| 490 | 1 | |a Αρχαία Ελληνική Γραμματεία. Οι Έλληνες |v ; 1168-1176 | |
| 500 | |a Το αντίτυπο με αριθμό εισαγωγής 123102 περιλαμβάνει 123102 τον 1ο, 2ο και 3ο τόμο μαζί. Το αντίτυπο με αριθμό εισαγωγής 123109 περιλαμβάνει τον 4ο, 5ο και 6ο τόμο μαζί. Το αντίτυπο με αριθμό εισαγωγής 123223 περιλαμβάνει τον 7ο και 8ο τόμο μαζί. Το αντίτυπο με αριθμό εισαγωγής 110792 περιλαμβάνει τον 9ο και 10ο τόμο δεμένους μαζί | ||
| 505 | 0 | |a Τ.1. Στοιχείων Α'-Β'. - τ.2. Στοιχείων Γ'-Δ'. - τ.3. Στοιχείων Ε'-ΣΤ'. - τ.4. Στοιχείων Ζ', Η', Θ'. - τ.5. Στοιχείων Ι'(1-59). - τ.6. Στοιχείων Ι' (60-115). - τ.7. Στοιχείων ΙΑ'. - τ.8. Στοιχείων ΙΒ'-ΙΓ'. - τ.9. Δεδομένα. - τ.10. Οπτικά | |
| 650 | 0 | 0 | |a Geometry |x Early works to 1800. |
| 650 | 0 | 0 | |a Mathematics, Greek. |
| 740 | 0 | 2 | |a Στοιχείων |
| 740 | 0 | 2 | |a Δεδομένα |
| 740 | 0 | 2 | |a Οπτικά |
| 830 | 0 | |a Έλληνες (Κάκτος) |v ; 1171-1176 | |
| 852 | |a INST |b RHODES |c KRI |e 20050713 |h 516.2 ΕΥΚ |p 005400028590 |q 005400028590 |t BK |v τ.9-10: |y 0 |z τ.9-10 | ||
| 852 | |a INST |b RHODES |c KRI |e 20060327 |h 516.2 ΕΥΚ |p 005400028591 |q 005400028591 |t BK |v τ.1-3: |y 4 |x 20200525 |z τ.1-3 | ||
| 852 | |a INST |b RHODES |c KRI |e 20060327 |h 516.2 ΕΥΚ |p 005400028594 |q 005400028594 |t BK |v τ.7-8: |y 4 |x 20200525 |z τ.7-8 | ||
| 852 | |a INST |b RHODES |c KRI |e 20060327 |h 516.2 ΕΥΚ |p 005400030533 |q 005400028592 |t BK |v τ.4-6: |y 0 |z τ.4-6 | ||
| 853 | |a INST |b RHODES |c KRI |h 516.2 ΕΥΚ | ||
| 901 | |a BIBL4-2005-2 | ||
| 909 | |a Ρ |b 110792 | ||
| 909 | |a Ρ |b 123109 | ||
| 909 | |a Ρ |b 123223 | ||
| 909 | |a Ρ |b 123102 | ||
| 920 | |a ΚΡΙΚΩΝΗΣ |b ΔΗΜΗΤΡΙΟΣ Ι. |y ΡΟΔΟΣ |z 2004-10 | ||
| 970 | |a ΣΙΔΕΡΗ |b ΝΕΚΤΑΡΙΑ |z 2005/07/13 | ||